Ref France 2025 - Mort subite - Statistiques

Statistiques générales
  • Ce quiz a été pris 12 fois
  • Le résultat moyen est 1 sur 13
Answers on the Grid
Answers color-coded by a green-red scale on the quiz's grid according to % correct below.
Enough, enough
On est au Cambodge ou quoi là
Ah si j'aurais su
Quoicoubeh
Ah là on est bien
Aberrant fréro
Humour Marie humour
Peper spray
J'ai envie de faire l'amour
Mais laisse moi dormir zebi
Avec tout le respect
Et c'est ciao
Ben voyons
Il faut sachez que
J'ai des amis culturés
Frappe moi et je t'empoisonne
Pour mes abooonnés
T'es sûrement pas français toi
Je voulais le manger
Oula Jean qu'est ce tu racontes
La télé Samsnug
Moi je suis coach
Rendez les bijoux
LECLERCCCCC
Le plus dur c'était Von Dijk
Une robe vreuuuument
Le gâteau il était sec
Hoooo s'il vous plaît
Que tu revienneeeeeeees
 
Statistiques - réponses
Réponse % Correct
Enough, enough
78%
Aberrant fréro
22%
On est au Cambodge ou quoi là
22%
Avec tout le respect
11%
LECLERCCCCC
11%
Hoooo s'il vous plaît
0%
Je voulais le manger
0%
La télé Samsnug
0%
Le plus dur c'était Von Dijk
0%
Oula Jean qu'est ce tu racontes
0%
Que tu revienneeeeeeees
0%
Rendez les bijoux
0%
T'es sûrement pas français toi
0%
Aucun quiz correspondant
Distribution des résultats
% des personnes avec chaque résultat
Percentile par nombre de réponses
Votre historique - résultats
Vous n’avez pas pris ce quiz